| 000 | 00641nam a2200241Ia 4500 | ||
|---|---|---|---|
| 003 | OSt | ||
| 005 | 20220918185456.0 | ||
| 006 | a|||||r|||| 00| 0 | ||
| 007 | ta | ||
| 008 | 220917b |||||||| |||| 00| 0 eng d | ||
| 024 | _a51,161 | ||
| 037 | _cTextual | ||
| 040 |
_aARTS _cARTS _beng |
||
| 041 |
_2eng _aeng |
||
| 082 | _aP:(S:1), L6 | ||
| 100 |
_aLuria A R _969107 |
||
| 245 | 0 | _aBasic problems of neurolinguuistics tr from Russian by Basil Haigh | |
| 260 |
_aParis _bMouton _c1976 |
||
| 300 |
_aix,398p. _ccm. |
||
| 650 | _aLINGUISTICS | ||
| 942 |
_hP:(S:1), L6 _cTEXL _2CC |
||
| 999 |
_c180755 _d180755 |
||